История девятнадцатого века от времени Венского конгресса Г. Гервинуса

書誌詳細
第一著者: Гервинус Г.
その他の著者: Антонович М. (редактор)
言語:ロシア語
出版事項: Санкт-Петербург, Издание О. И. Бакста, 1863-
フォーマット: MixedMaterials 図書
KOHA link:https://koha.lib.tpu.ru/cgi-bin/koha/opac-detail.pl?biblionumber=322648

MARC

LEADER 00000nam1a2200000 4500
001 322648
005 20231101022357.0
035 |a (RuTPU)RU\TPU\book\348207 
090 |a 322648 
100 |a 20160930d1863 km y0rusy50 ca 
101 1 |a rus  |c ger 
102 |a RU 
200 1 |a История девятнадцатого века от времени Венского конгресса Г. Гервинуса  |f Г. Гервинус  |g переведено под ред. М. Антоновича 
210 |a Санкт-Петербург  |c Издание О. И. Бакста  |c Типография О. И. Бакста  |d 1863- 
700 1 |a Гервинус  |b Г. 
702 1 |a Антонович  |b М.  |4 340 
801 1 |a RU  |b 63413507  |c 20160930 
801 2 |a RU  |b 63413507  |c 20161003  |g RCR 
942 |c BK